000 00247nam a2200109Ia 4500
008 190216s9999||||xx |||||||||||||| ||und||
100 _aMohan N
245 0 _aAdisthana Electronikam
260 _bBhasha Institute
650 _aPhysics
942 _cBK
999 _c39492
_d39492